| 000 | 00382nam a2200145Ia 4500 | ||
|---|---|---|---|
| 008 | 240624s9999 xx 000 0 und d | ||
| 041 | _aeng | ||
| 082 | _a338.5024658 ALL | ||
| 100 | _aALLEN W BRUCE | ||
| 245 | _aMANAGERIAL ECONOMICS THEORY APPLICATIONS | ||
| 250 | _a(7th ed.) | ||
| 260 |
_c2010 _aNew Delhi _bViva Books |
||
| 300 | _axx, : 683 : p. : cm. ; 23 | ||
| 365 |
_cRS _b33 |
||
| 999 |
_c15653 _d15653 |
||